<?xml version="1.0" encoding="UTF-8"?>
<record
    xmlns:xsi="http://www.w3.org/2001/XMLSchema-instance"
    xsi:schemaLocation="http://www.loc.gov/MARC21/slim http://www.loc.gov/standards/marcxml/schema/MARC21slim.xsd"
    xmlns="http://www.loc.gov/MARC21/slim">

  <leader>01885cam a2200325 a 4500</leader>
  <controlfield tag="001">he 67000997 </controlfield>
  <controlfield tag="003">DLC</controlfield>
  <controlfield tag="005">20260227111447.0</controlfield>
  <controlfield tag="008">880819m19629999is            00100 heb  </controlfield>
  <datafield tag="010" ind1=" " ind2=" ">
    <subfield code="a">he 67000997 //r88</subfield>
  </datafield>
  <datafield tag="035" ind1=" " ind2=" ">
    <subfield code="a">(CStRLIN)DCLH88-B943</subfield>
  </datafield>
  <datafield tag="040" ind1=" " ind2=" ">
    <subfield code="a">DLC</subfield>
    <subfield code="c">DLC</subfield>
    <subfield code="d">DLC-R</subfield>
  </datafield>
  <datafield tag="050" ind1="0" ind2=" ">
    <subfield code="a">LAW</subfield>
  </datafield>
  <datafield tag="066" ind1=" " ind2=" ">
    <subfield code="c">(2</subfield>
  </datafield>
  <datafield tag="245" ind1="0" ind2="0">
    <subfield code="6">880-01</subfield>
    <subfield code="a">Halakhah pesu&#x1E33;ah :</subfield>
    <subfield code="b">mishpa&#x1E6D; ha-Torah li-me&#x1E33;orota&#x1E7F; ba-Talmud u-fos&#x1E33;im &#x2BB;al seder ha-Shul&#x1E25;an-&#x2BB;arukh, &#x1E24;oshen ha-mishpa&#x1E6D; /</subfield>
    <subfield code="c">hukhan, &#x1E25;ubar &#x1E7F;e-yotse le-or &#x2BB;al yede Ma&#x1E25;le&#x1E33;et ha-te&#x1E25;u&#x1E33;ah ha-Toranit shel Mekhon Hari Fishel li-derishat ha-Talmud u-mishpa&#x1E6D; ha-Torah.</subfield>
  </datafield>
  <datafield tag="260" ind1=" " ind2=" ">
    <subfield code="6">880-02</subfield>
    <subfield code="a">Yerushalayim :</subfield>
    <subfield code="b">ha-Makhon,</subfield>
    <subfield code="c">722-&lt;747   &gt; [1962-&lt;1987   &gt;</subfield>
  </datafield>
  <datafield tag="300" ind1=" " ind2=" ">
    <subfield code="a">v. &lt;1-2   &gt; ;</subfield>
    <subfield code="c">27 cm.</subfield>
  </datafield>
  <datafield tag="500" ind1=" " ind2=" ">
    <subfield code="a">Title on added t.p.: Halacha pesuka.</subfield>
  </datafield>
  <datafield tag="505" ind1="1" ind2=" ">
    <subfield code="a">1. Simanim 1-8 -- &#x1E25;ele&#x1E33; 2. Simanim 9-27.</subfield>
  </datafield>
  <datafield tag="600" ind1="1" ind2="0">
    <subfield code="6">880-03</subfield>
    <subfield code="a">Karo, Joseph ben Ephraim,</subfield>
    <subfield code="d">1488-1575.</subfield>
    <subfield code="t">&#x1E24;oshen mishpa&#x1E6D;.</subfield>
  </datafield>
  <datafield tag="650" ind1=" " ind2="0">
    <subfield code="a">Jewish law.</subfield>
  </datafield>
  <datafield tag="700" ind1="1" ind2="2">
    <subfield code="6">880-04</subfield>
    <subfield code="a">Karo, Joseph ben Ephraim,</subfield>
    <subfield code="d">1488-1575.</subfield>
    <subfield code="t">&#x1E24;oshen mishpa&#x1E6D;.</subfield>
    <subfield code="f">1962.</subfield>
  </datafield>
  <datafield tag="710" ind1="2" ind2="0">
    <subfield code="6">880-05</subfield>
    <subfield code="a">Mekhon Hari Fishel (Jerusalem)</subfield>
  </datafield>
  <datafield tag="740" ind1="0" ind2="1">
    <subfield code="a">Halacha pesuka.</subfield>
  </datafield>
  <datafield tag="880" ind1="0" ind2="0">
    <subfield code="6">245-01/(2/r</subfield>
    <subfield code="a">&#x5D4;&#x5DC;&#x5DB;&#x5D4; &#x5E4;&#x5E1;&#x5D5;&#x5E7;&#x5D4; :</subfield>
    <subfield code="b">&#x5DE;&#x5E9;&#x5E4;&#x5D8; &#x5D4;&#x5EA;&#x5D5;&#x5E8;&#x5D4; &#x5DC;&#x5DE;&#x5E7;&#x5D5;&#x5E8;&#x5D5;&#x5EA;&#x5D9;&#x5D5; &#x5D1;&#x5EA;&#x5DC;&#x5DE;&#x5D5;&#x5D3; &#x5D5;&#x5E4;&#x5D5;&#x5E1;&#x5E7;&#x5D9;&#x5DD; &#x5E2;&#x5DC; &#x5E1;&#x5D3;&#x5E8; &#x5D4;&#x5E9;&#x5D5;&#x5DC;&#x5D7;&#x5DF;&#x5BE;&#x5E2;&#x5E8;&#x5D5;&#x5DA;, &#x5D7;&#x5D5;&#x5E9;&#x5DF; &#x5D4;&#x5DE;&#x5E9;&#x5E4;&#x5D8; /</subfield>
    <subfield code="c">&#x5D4;&#x5D5;&#x5DB;&#x5DF;, &#x5D7;&#x5D5;&#x5D1;&#x5E8; &#x5D5;&#x5D9;&#x5D5;&#x5E6;&#x5D0; &#x5DC;&#x5D0;&#x5D5;&#x5E8; &#x5E2;&#x5DC; &#x5D9;&#x5D3;&#x5D9; &#x5DE;&#x5D7;&#x5DC;&#x5E7;&#x5EA; &#x5D4;&#x5EA;&#x5D7;&#x5D5;&#x5E7;&#x5D4; &#x5D4;&#x5EA;&#x5D5;&#x5E8;&#x5E0;&#x5D9;&#x5EA; &#x5E9;&#x5DC; &#x5DE;&#x5DB;&#x5D5;&#x5DF; &#x5D4;&#x5E8;&#x5D9; &#x5E4;&#x5D9;&#x5E9;&#x5DC; &#x5DC;&#x5D3;&#x5E8;&#x5D9;&#x5E9;&#x5EA; &#x5D4;&#x5EA;&#x5DC;&#x5DE;&#x5D5;&#x5D3; &#x5D5;&#x5DE;&#x5E9;&#x5E4;&#x5D8; &#x5D4;&#x5EA;&#x5D5;&#x5E8;&#x5D4;.</subfield>
  </datafield>
  <datafield tag="880" ind1=" " ind2=" ">
    <subfield code="6">260-02/(2/r</subfield>
    <subfield code="a">&#x5D9;&#x5E8;&#x5D5;&#x5E9;&#x5DC;&#x5D9;&#x5DD; :</subfield>
    <subfield code="b">&#x5D4;&#x5DE;&#x5DB;&#x5D5;&#x5DF;,</subfield>
    <subfield code="c">722-&lt;747   &gt; [1962-&lt;1987   &gt;.</subfield>
  </datafield>
  <datafield tag="880" ind1="1" ind2="4">
    <subfield code="6">600-03/(2/r</subfield>
    <subfield code="a">&#x5E7;&#x5D0;&#x5E8;&#x5D5;, &#x5D9;&#x5D5;&#x5E1;&#x5E3;.</subfield>
    <subfield code="t">&#x5E9;&#x5D5;&#x5DC;&#x5D7;&#x5DF;&#x5BE;&#x5E2;&#x5E8;&#x5D5;&#x5DA;.</subfield>
    <subfield code="p">&#x5D7;&#x5D5;&#x5E9;&#x5DF; &#x5DE;&#x5E9;&#x5E4;&#x5D8;.</subfield>
  </datafield>
  <datafield tag="880" ind1="1" ind2="2">
    <subfield code="6">700-04/(2/r</subfield>
    <subfield code="a">&#x5E7;&#x5D0;&#x5E8;&#x5D5;, &#x5D9;&#x5D5;&#x5E1;&#x5E3;.</subfield>
    <subfield code="t">&#x5E9;&#x5D5;&#x5DC;&#x5D7;&#x5DF;&#x5BE;&#x5E2;&#x5E8;&#x5D5;&#x5DA;.</subfield>
    <subfield code="p">&#x5D7;&#x5D5;&#x5E9;&#x5DF; &#x5D4;&#x5DE;&#x5E9;&#x5E4;&#x5D8;.</subfield>
    <subfield code="f">1962.</subfield>
  </datafield>
  <datafield tag="880" ind1="2" ind2="0">
    <subfield code="6">710-05/(2/r</subfield>
    <subfield code="a">&#x5DE;&#x5DB;&#x5D5;&#x5DF; &#x5D4;&#x5E8;&#x5D9; &#x5E4;&#x5D9;&#x5E9;&#x5DC; &#x5DC;&#x5D3;&#x5E8;&#x5D9;&#x5E9;&#x5EA; &#x5D4;&#x5EA;&#x5DC;&#x5DE;&#x5D5;&#x5D3; &#x5D5;&#x5DE;&#x5E9;&#x5E4;&#x5D8; &#x5D4;&#x5EA;&#x5D5;&#x5E8;&#x5D4;.</subfield>
  </datafield>
  <datafield tag="999" ind1=" " ind2=" ">
    <subfield code="c">32391</subfield>
    <subfield code="d">32391</subfield>
  </datafield>
</record>
